Understanding datacom [
| Corporate Author: | |
|---|---|
| Format: | Book |
| Published: |
Teracom Training Institute ,
2002
|
| Subjects: |
MARC
| LEADER | 00000cam a2200000 7i4500 | ||
|---|---|---|---|
| 001 | 0000017572 | ||
| 005 | 20061130.0 | ||
| 040 | |a INS | ||
| 090 | 0 | 0 | |a TK102 2002 |
| 110 | 1 | |a Teracom Training Institute | |
| 245 | 0 | 0 | |a Understanding datacom [ |h video recording] |
| 260 | |b Teracom Training Institute , |c 2002 | ||
| 300 | |a 1 Video cassette (VHS) (1:45) : |b sd., col. ; |c 1/2 in. | ||
| 650 | 0 | 0 | |a computer nekwork |
| 650 | 0 | 0 | |a Telecommunication |
| 999 | |a VHS990 |b VIDEO |c Media Collection |e Default branch | ||